000 00957nac a22002291u 4500
010 _a 95040569
020 _a0070179964 (acid-free paper)
020 _a0071141391 :
082 0 0 _a302.23
_bD6717
090 _c4567
_d4567
100 _aDominick, Joseph R.
245 1 4 _aThe dynamics of mass communication /
_cJoseph R. Dominick.
250 _a5th ed., International ed.
260 _aNew York :
_bMcGraw-Hill,
_cc1996.
300 _axxiii, 599 p. :
_bill. (some col.) ;
_c26 cm.
440 0 _aMcGraw-Hill series in mass communication
504 _aIncludes bibliographical references and index.
650 0 _aMass media.
942 _cBB
_k302.23D6717
999 _c4567
_d4567